000 00387nam a2200181Ia 4500
001 854
005 20260306140548.0
008 260306t1999||||xx |||||||||||||| ||spa||
041 _aESP
082 _a170
_bS56
100 _aSimon, René
_eAUT
245 0 _aMoral
260 _c1999
300 _a432 páginas :
_c22 cm.
650 _aGEN
654 _aCHU
942 _cLIB
_dJUS
_fJUS
_2ddc
_n
999 _c854
_d854